Fragrant harbor / (Record no. 5857)

MARC details
000 -LEADER
fixed length control field 00841cam a22002771a 4500
001 - CONTROL NUMBER
control field 7970479
003 - CONTROL NUMBER IDENTIFIER
control field GBCCL
005 - DATE AND TIME OF LATEST TRANSACTION
control field 20241126110551.0
008 - FIXED-LENGTH DATA ELEMENTS--GENERAL INFORMATION
fixed length control field 860421s1962 tnuabc 000 0 eng
010 ## -
-- 62011541
035 ## - SYSTEM CONTROL NUMBER
System control number (OCoLC)13460916
040 ## - CATALOGING SOURCE
Original cataloging agency DLC
Transcribing agency NcWsW
Modifying agency DLC
042 ## -
-- premarc
050 00 -
-- BV2087
-- .S5
082 ## - DEWEY DECIMAL CLASSIFICATION NUMBER
Classification number 266.023
Item number SHO
100 1# - MAIN ENTRY--PERSONAL NAME
Personal name Short, Jaxie
9 (RLIN) 10604
245 10 - TITLE STATEMENT
Title Fragrant harbor /
Statement of responsibility, etc. Jaxie Short.
260 ## - PUBLICATION, DISTRIBUTION, ETC.
Place of publication, distribution, etc. Nashville:
Name of publisher, distributor, etc. Convention Press,
Date of publication, distribution, etc. c1962.
300 ## - PHYSICAL DESCRIPTION
Extent 122 p.;
Other physical details ill., map,;
Dimensions 19 cm.
490 0# - SERIES STATEMENT
Series statement Foreign mission series
500 ## - GENERAL NOTE
General note "A publication of the Foreign Mission Board, Richmond, Virginia."
500 ## - GENERAL NOTE
General note Author's presentation copy to the Scales family.
650 #0 - SUBJECT ADDED ENTRY--TOPICAL TERM
Topical term or geographic name entry element Missionary stories
9 (RLIN) 4719
906 ## - LOCAL DATA ELEMENT F, LDF (RLIN)
a 7
b cbc
c oclcrpl
d u
e ncip
f 19
g y-gencatlg
942 ## - ADDED ENTRY ELEMENTS (KOHA)
Source of classification or shelving scheme Dewey Decimal Classification
Koha item type Books
Koha issues (borrowed), all copies 1
Holdings
Withdrawn status Lost status Source of classification or shelving scheme Damaged status Not for loan Home library Current Library Shelving location Date acquired Total checkouts Full call number Barcode Date last seen Date last checked out Copy number Price effective from Koha item type
    Dewey Decimal Classification     GRACE BIBLE COLLEGE GRACE BIBLE COLLEGE Ministry & Mission 2018-04-11 1 266.023 SHO 008968 2025-05-01 2020-03-13 c.1 2018-04-11 Books
© Grace Bible College Library 2025